000 00539nam a2200181Ia 4500
003 GCL
008 140319s9999 xx 000 0 eng d
040 _aGCL /
_cGCL
082 0 4 _a363.11
_bR S
100 1 _aHARMS - RINGDAHL, LARS
245 1 0 _aSafety Analysis: Principles And Practice In Occupational Safety /
_cHARMS - RINGDAHL, LARS
260 _a[S.N] :
_bElsevier Applied Science ،
_c1993
300 _a265 P
650 0 4 _aACCIDENTS PREVENTION
650 0 4 _aSAFETY REGULATIONS
650 0 4 _aSAFETY APPLIANCES
942 _2ddc
_cBK
999 _c23601
_d23601